Statistics for Top 100 Soccer Clubs

Click here to take the quiz!

General Stats

  • This quiz has been taken 3,672 times
  • The average score is 43 of 100

Answer Stats

RankClubCountryPoints% Correct
3FC BarcelonaSpain129.428
99%
1Real Madrid CFSpain144.428
99%
6Paris Saint-GermainFrance107.749
97%
13Manchester City FCEngland79.549
96%
22Manchester United FCEngland66.549
96%
15Bayer 04 LeverkusenGermany74.356
95%
5JuventusItaly109.099
95%
7Borussia DortmundGermany104.356
94%
2FC Bayern MünchenGermany134.356
94%
8Chelsea FCEngland103.549
93%
11Arsenal FCEngland87.549
90%
4Club Atlético de MadridSpain114.428
89%
34AC MilanItaly45.099
88%
12FC PortoPortugal80.549
88%
28Liverpool FCEngland53.549
88%
44FC Internazionale MilanoItaly38.099
86%
9SL BenficaPortugal97.549
86%
21Tottenham Hotspur FCEngland68.549
80%
10Sevilla FCSpain94.428
79%
35AFC AjaxNetherlands43.632
74%
43AS RomaItaly38.099
74%
17SSC NapoliItaly73.099
74%
19Valencia CFSpain72.428
73%
51Sporting Club de PortugalPortugal33.549
68%
33Olympique LyonnaisFrance48.249
65%
36PSV EindhovenNetherlands42.632
63%
23FC Dynamo KyivUkraine62.646
62%
24Galatasaray ASTurkey57.220
62%
65Olympique de MarseilleFrance25.749
60%
26SS LazioItaly54.099
60%
14FC Schalke 04Germany76.356
59%
16FC ZenitRussia73.506
55%
46Celtic FCScotland35.335
52%
27Olympiacos FCGreece53.560
52%
32Athletic ClubSpain48.428
51%
62Everton FCEngland26.549
51%
48AS Monaco FCFrance34.749
49%
20FC Basel 1893Switzerland71.835
48%
57Besiktas JKTurkey28.220
45%
98Leicester City FCEngland16.549
45%
38RSC AnderlechtBelgium40.280
45%
45Club Brugge KVBelgium37.280
43%
96FeyenoordNetherlands16.632
43%
29VfL WolfsburgGermany53.356
43%
25ACF FiorentinaItaly55.099
42%
89LOSC LilleFrance18.749
41%
56Real Betis BalompiéSpain29.428
41%
59Newcastle United FCEngland27.549
40%
18FC Shakhtar DonetskUkraine72.646
38%
39Fenerbahçe SKTurkey40.220
38%
47PFC CSKA MoskvaRussia35.006
38%
72Real Sociedad de FutbolSpain23.928
38%
50FC SalzburgAustria34.545
37%
52SC BragaPortugal31.049
34%
78BSC Young BoysSwitzerland22.335
33%
68Eintracht FrankfurtGermany25.356
29%
60KRC GenkBelgium27.280
29%
42AC Sparta PrahaCzech Rep.38.175
28%
94Malmö FFSweden16.845
28%
88FC Lokomotiv MoskvaRussia19.006
27%
41VfL Borussia MönchengladbachGermany39.356
27%
70Torino FCItaly25.099
26%
61FC Girondins de BordeauxFrance26.749
25%
75KAA GentBelgium23.280
25%
81FC KøbenhavnDenmark20.725
24%
79GNK Dinamo ZagrebCroatia21.525
24%
40Malaga CFSpain39.428
24%
76SK Rapid WienAustria22.545
24%
31Villarreal CFSpain52.428
24%
69AZ AlkmaarNetherlands25.132
23%
54FC Steaua BucurestiRomania29.770
23%
73VfB StuttgartGermany23.856
23%
71AS Saint-ÉtienneFrance24.249
22%
93RC Celta de VigoSpain17.428
20%
84Legia WarszawaPoland19.925
19%
63PAOK FCGreece26.060
19%
92Maccabi Tel-Aviv FCIsrael17.550
18%
97Udinese CalcioItaly16.599
18%
64FC Dinamo MoskvaRussia26.006
17%
58FC BATE BorisovBelarus27.950
16%
100CFR 1907 ClujRomania16.270
13%
30FC Dnipro DnipropetrovskUkraine52.646
13%
49FC Viktoria PlzenCzech Rep.34.675
13%
37FC RubinRussia42.506
12%
66Trabzonspor ASTurkey25.720
12%
77FC KrasnodarRussia22.506
11%
67PFC Ludogorets RazgradBulgaria25.650
11%
74Hannover 96Germany23.356
10%
53Levante UDSpain30.428
10%
83Molde FKNorway20.165
10%
87NK MariborSlovenia19.525
10%
90SC FreiburgGermany18.356
10%
86Swansea City AFCEngland19.549
7%
55FC AnjiRussia29.506
6%
82FC AugsburgGermany20.356
6%
85FC Metalist KharkivUkraine19.646
4%
99Wigan Athletic FCEngland16.549
3%
95FC Chornomorets OdesaUkraine16.646
2%
80FC Slovan LiberecCzech Rep.21.175
2%
91EA GuingampFrance17.749
1%

Score Distribution

Percentile by Number Answered

Percent of People with Each Score

Your Score History

You have not taken this quiz